000 00286 a2200109 4500
001 ART_33811
005 20260410161707.0
008 260409a
245 1 0 _aDonaciones
100 1 _aChalupowicz, Israel
773 0 _tRevista Impuestos
_g- NÂș 11 (jun. 2006)
_wREV639
999 _c15771
_d15771